[Event "4NCL Online Division 5"]
[Site "online"]
[Date "2021.10.19"]
[EventDate "2021.10.19"]
[Round "5.22"]
[White "Morrison, Julian"]
[WhiteElo "2006"]
[WhiteTeam "Charlton Cobras B"]
[Black "Obiora, Ifeatu"]
[BlackElo "2050"]
[BlackTeam "QMUL A"]
[Result "1-0"]
[PlyCount "143"]

1. e4 e6 2. d4 d5 3. exd5 exd5 4. Nf3 Bd6 5. c4 c6 6. Bd3 Nf6 7. O-O O-O 8. Nbd2 Nbd7 9. Qc2 a5 10. Re1 Re8 11. Rxe8+ Qxe8 12. b3 Nf8 13. Bb2 Bg4 14. Re1 Qd7 15. Ne5 Qc7 16. h3 Be6 17. f4 Re8 18. c5 Be7 19. g4 Bc8 20. f5 N6d7 21. Ndf3 f6 22. Nxd7 Qg3+ 23. Qg2 Qxg2+ 24. Kxg2 Bxd7 25. Bc3 Bd8 26. h4 Bc7 27. Kf2 Rxe1 28. Nxe1 g6 29. Ng2 gxf5 30. gxf5 Be8 31. Ke3 Kf7 32. Nf4 Kg7 33. a3 Bf7 34. b4 axb4 35. axb4 Be8 36. b5 Bxf4+ 37. Kxf4 cxb5 38. Ba5 Bc6 39. Bc2 Nd7 40. Bc7 Kf7 41. Bd1 Nf8 42. Bh5+ Kg7 43. Be2 Kh6 44. Ke3 Kg7 45. Kd2 Bd7 46. Bd3 Bc6 47. Kc3 Kh6 48. Bg3 Kh5 49. Be2+ Kh6 50. Bf4+ Kg7 51. Kb4 Bd7 52. Bd3 h6 53. Ka5 h5 54. Kb6 Bc6 55. Bxb5 Nd7+ 56. Ka5 Kf7 57. Bxc6 bxc6 58. Ka6 Nf8 59. Kb7 Ke8 60. Kxc6 Nh7 61. Kxd5 Kd7 62. c6+ Ke7 63. Bd6+ Kd8 64. Ke6 Kc8 65. Kf7 Ng5+ 66. hxg5 fxg5 67. Kg6 g4 68. Kxh5 Kd8 69. f6 Ke8 70. Kg6 g3 71. f7+ Kd8 72. f8=R# 1-0

[Event "4NCL Online Division 5"]
[Site "online"]
[Date "2021.10.19"]
[EventDate "2021.10.19"]
[Round "5.23"]
[White "Shah, Meeth"]
[WhiteElo "1749"]
[WhiteTeam "QMUL A"]
[Black "Virgin, Jack"]
[BlackElo "1880"]
[BlackTeam "Charlton Cobras B"]
[Result "1-0"]
[PlyCount "81"]

1. e4 c5 2. Nc3 Nc6 3. g3 g6 4. Bg2 Bg7 5. d3 d6 6. Be3 Nf6 7. Qc1 Qb6 8. Nd1 Ng4 9. Bd2 Be6 10. c3 Nge5 11. Qc2 Qa6 12. c4 Nd4 13. Qb1 Bg4 14. f3 Bxf3 15. Nxf3 Nexf3+ 16. Bxf3 Nxf3+ 17. Ke2 Nxd2 18. Kxd2 O-O 19. Nc3 e6 20. g4 Rae8 21. Qf1 f5 22. Qg2 f4 23. Rhf1 g5 24. Rf3 Rb8 25. a4 Qa5 26. Ra3 a6 27. Qf1 Bd4 28. Qa1 Rf6 29. Kc2 Be3 30. Qf1 Qc7 31. Rxe3 fxe3 32. Qxf6 d5 33. Qxg5+ Kh8 34. exd5 Qxh2+ 35. Kb3 b5 36. Qf6+ Kg8 37. Qxe6+ Kh8 38. axb5 axb5 39. cxb5 Qf4 40. Qe4 Qg5 41. Ra7 1-0

[Event "4NCL Online Division 5"]
[Site "online"]
[Date "2021.10.19"]
[EventDate "2021.10.19"]
[Round "5.24"]
[White "Rogers, David M"]
[WhiteElo "1595"]
[WhiteTeam "Charlton Cobras B"]
[Black "Zarzycki, Lukasz"]
[BlackElo "1494"]
[BlackTeam "QMUL A"]
[Result "1-0"]
[PlyCount "109"]

1. c4 c5 2. g3 g6 3. Bg2 Bg7 4. Nc3 Nc6 5. Nf3 e6 6. d3 Nge7 7. Bg5 h6 8. Bd2 O-O 9. a3 d5 10. O-O b6 11. Rb1 a5 12. Qc1 Kh7 13. Qc2 Ba6 14. Na4 Rb8 15. Rfd1 d4 16. b4 axb4 17. axb4 cxb4 18. Bxb4 Nxb4 19. Rxb4 Nc6 20. Ng5+ Qxg5 21. Bxc6 b5 22. Qb2 bxa4 23. Rxb8 a3 24. Qb4 Rxb8 25. Qxb8 Qc5 26. Qa8 Qb6 27. Bb5 Bxb5 28. cxb5 Qxb5 29. Qxa3 Qe5 30. Qa2 Qc5 31. Rb1 g5 32. Qa8 Qc2 33. Re1 Qd2 34. Kf1 Bf6 35. Qf8 Kg6 36. Qg8+ Bg7 37. Qa8 Bf6 38. Qe4+ Kg7 39. Ra1 Qb2 40. Ra7 Qb1+ 41. Kg2 Qb6 42. Rb7 Qc5 43. Qxe6 Qf8 44. Qe4 Qc8 45. Rb6 Qd8 46. Ra6 Qc7 47. Rxf6 Kxf6 48. Qxd4+ Kg6 49. Qe4+ Kg7 50. d4 Qb6 51. Qe5+ Kg8 52. d5 Qb7 53. e4 Qb5 54. Qe7 Qd3 55. h3 1-0

[Event "4NCL Online Division 5"]
[Site "online"]
[Date "2021.10.19"]
[EventDate "2021.10.19"]
[Round "5.31"]
[White "Bucher, Goetz"]
[WhiteElo "1969"]
[WhiteTeam "Bearsden Grizzlies"]
[Black "Dunks, Peter"]
[BlackElo "1658"]
[BlackTeam "The Hemel's Gambit"]
[Result "1-0"]
[PlyCount "43"]

1. e4 c5 2. Ne2 d6 3. Nbc3 Nf6 4. g3 g6 5. Bg2 Bg7 6. O-O O-O 7. d3 Nc6 8. h3 Bd7 9. f4 Rb8 10. a4 a6 11. Be3 b5 12. axb5 axb5 13. e5 dxe5 14. Bxc5 exf4 15. Nxf4 Re8 16. Nfd5 e6 17. Nxf6+ Bxf6 18. Qf3 Kg7 19. Ne4 Ne5 20. Qxf6+ Qxf6 21. Nxf6 Rec8 22. Bd4 1-0

[Event "4NCL Online Division 5"]
[Site "online"]
[Date "2021.10.19"]
[EventDate "2021.10.19"]
[Round "5.32"]
[White "Huhn, Robert M"]
[WhiteElo "1397"]
[WhiteTeam "The Hemel's Gambit"]
[Black "Colston, Rob"]
[BlackElo "1872"]
[BlackTeam "Bearsden Grizzlies"]
[Result "0-1"]
[PlyCount "106"]

1. c4 e5 2. Nc3 Nf6 3. Nf3 Nc6 4. g3 d5 5. cxd5 Nxd5 6. Bg2 Nb6 7. O-O Be7 8. d3 O-O 9. Be3 Be6 10. Rc1 f6 11. a3 Nd5 12. Nxd5 Bxd5 13. b4 a6 14. Bc5 Rc8 15. Bxe7 Nxe7 16. Bh3 Rb8 17. Nd2 Nc6 18. e4 Bf7 19. Nb3 Bxb3 20. Qxb3+ Kh8 21. Rfd1 Nd4 22. Qb2 c6 23. Bg4 Qd6 24. Qc3 Rbd8 25. Qc5 Nb3 26. Qxd6 Rxd6 27. Rc3 Nd4 28. Rdc1 g6 29. f4 Kg7 30. fxe5 fxe5 31. Rf1 Rxf1+ 32. Kxf1 Nb5 33. Rb3 Kf8 34. a4 Rf6+ 35. Ke1 Nd4 36. Rc3 h5 37. Bd1 Ke7 38. Rc5 Kd6 39. Rc4 Rf8 40. Rc5 b6 41. Rc3 Rf7 42. g4 Nf3+ 43. Bxf3 Rxf3 44. gxh5 gxh5 45. Rb3 Rh3 46. b5 axb5 47. axb5 Rxh2 48. bxc6 Kxc6 49. Rc3+ Kb5 50. Rb3+ Kc5 51. Rc3+ Kd4 52. Rb3 Ke3 53. Kd1 Rd2+ 0-1

[Event "4NCL Online Division 5"]
[Site "online"]
[Date "2021.10.19"]
[EventDate "2021.10.19"]
[Round "5.33"]
[White "Watt, David A"]
[WhiteElo "1921"]
[WhiteTeam "Bearsden Grizzlies"]
[Black "Cooper, John L"]
[BlackElo "1293"]
[BlackTeam "The Hemel's Gambit"]
[Result "1-0"]
[PlyCount "55"]

1. e4 c5 2. Nf3 Nc6 3. d4 cxd4 4. Nxd4 e5 5. Nb5 d6 6. N1c3 a6 7. Na3 Nf6 8. Bg5 Be7 9. Bxf6 Bxf6 10. Nd5 Bg5 11. c3 Be6 12. Be2 O-O 13. Nc4 Bxd5 14. Qxd5 Be7 15. O-O Qc7 16. Rad1 Rad8 17. Kh1 b5 18. Ne3 Nb8 19. Qd3 Bg5 20. Nd5 Qb7 21. g3 Nd7 22. f4 exf4 23. gxf4 Bh6 24. Qg3 g6 25. Bf3 Kh8 26. Qh4 Bg7 27. e5 dxe5 28. Nf6 1-0

[Event "4NCL Online Division 5"]
[Site "online"]
[Date "2021.10.19"]
[EventDate "2021.10.19"]
[Round "5.41"]
[White "Beckett, Phill"]
[WhiteElo "1826"]
[WhiteTeam "Sheffield Uni '70s graduates"]
[Black "Lampard, Alice"]
[BlackElo "1948"]
[BlackTeam "Wells Globetrotters 1"]
[Result "1-0"]
[PlyCount "79"]

1. e4 c5 2. Nf3 Nc6 3. d4 cxd4 4. Nxd4 g6 5. Nc3 Bg7 6. Be3 Nf6 7. Nxc6 bxc6 8. e5 Ng8 9. Bd4 f6 10. exf6 Nxf6 11. Bc4 d5 12. Bb3 Qd6 13. Qe2 a5 14. Be5 Qb4 15. O-O-O O-O 16. Rhe1 Bf5 17. h3 Bh6+ 18. Kb1 Bc8 19. Bxf6 exf6 20. Nxd5 cxd5 21. Bxd5+ Kh8 22. Bxa8 Bxh3 23. gxh3 Rxa8 24. Qe7 Qxe7 25. Rxe7 Kg8 26. Rdd7 Bf8 27. Rxh7 Re8 28. a3 Re1+ 29. Ka2 Re2 30. Ra7 Rxc2 31. Rhd7 Rxf2 32. Rd8 Rh2 33. Raa8 Rxh3 34. Rxf8+ Kg7 35. Rfb8 f5 36. Rxa5 Kf6 37. Rb6+ Kg5 38. Raa6 Rh6 39. Re6 f4 40. Rf6 1-0

[Event "4NCL Online Division 5"]
[Site "online"]
[Date "2021.10.19"]
[EventDate "2021.10.19"]
[Round "5.42"]
[White "Strong, Chris M"]
[WhiteElo "1750"]
[WhiteTeam "Wells Globetrotters 1"]
[Black "Moore, Brian"]
[BlackElo "1824"]
[BlackTeam "Sheffield Uni '70s graduates"]
[Result "1-0"]
[PlyCount "107"]

1. e4 d5 2. exd5 Qxd5 3. Nc3 Qa5 4. Nf3 Nf6 5. d4 Bf5 6. Bc4 e6 7. Bd2 c6 8. Qe2 Bb4 9. O-O-O Nbd7 10. h3 Nd5 11. Qe1 Nxc3 12. Bxc3 Bxc3 13. Qxc3 Qxc3 14. bxc3 Nb6 15. Bb3 a5 16. a4 Rd8 17. Rhe1 O-O 18. Re5 Nd5 19. Kb2 b6 20. g4 Bg6 21. h4 h6 22. h5 Bh7 23. Ne1 Rfe8 24. Ng2 Kh8 25. f4 f6 26. Ree1 g5 27. hxg6 Bxg6 28. Rh1 Kg7 29. Rd2 Rh8 30. Re2 Bf7 31. Rf1 c5 32. f5 cxd4 33. cxd4 exf5 34. gxf5 Rhe8 35. Rd2 Re4 36. c3 Nc7 37. Re1 Rxe1 38. Nxe1 Bxb3 39. Kxb3 Rd5 40. Rg2+ Kh7 41. Rf2 Ne8 42. Ng2 Ng7 43. Nh4 h5 44. Kc4 Rd6 45. Rg2 Rc6+ 46. Kd3 Rd6 47. c4 Ne8 48. Nf3 Ng7 49. Ke4 Rd7 50. Rg6 Ne8 51. Rg2 Rg7 52. Rh2 Kh6 53. Kd5 Rg2 54. Rxg2 1-0

[Event "4NCL Online Division 5"]
[Site "online"]
[Date "2021.10.19"]
[EventDate "2021.10.19"]
[Round "5.43"]
[White "McSheehy, Chris J"]
[WhiteElo "1721"]
[WhiteTeam "Sheffield Uni '70s graduates"]
[Black "Goatcher, Matthew W"]
[BlackElo "1682"]
[BlackTeam "Wells Globetrotters 1"]
[Result "1/2-1/2"]
[PlyCount "172"]

1. d4 Nf6 2. c4 g6 3. Nc3 Bg7 4. Nf3 d6 5. Bg5 O-O 6. e3 a5 7. Be2 c6 8. O-O Na6 9. Qd2 Ne8 10. Rfd1 f5 11. h3 Nf6 12. Rac1 Ne4 13. Nxe4 fxe4 14. Nh2 h6 15. Bh4 g5 16. Bg3 d5 17. Bg4 e6 18. c5 Nb4 19. a3 Nd3 20. Rc3 e5 21. dxe5 Nxe5 22. Bxc8 Qxc8 23. Rb3 a4 24. Rb6 Nc4 25. Qb4 Bxb2 26. Rxb7 Bxa3 27. Qb1 Bxc5 28. Rc7 Qa6 29. Qa1 Rf7 30. Rxf7 Kxf7 31. Ng4 Be7 32. Nxh6+ Kg6 33. Ng4 Qc8 34. Ne5+ Nxe5 35. Qxe5 Qd7 36. Qxe4+ Qf5 37. Qxe7 a3 38. Qe5 Qxe5 39. Bxe5 a2 40. Ba1 Kf5 41. f3 Ra3 42. Kf2 Ke6 43. Ke2 c5 44. Rd3 Ra4 45. Kd2 c4 46. Rc3 Rb4 47. Rc2 Ra4 48. e4 d4 49. Bxd4 a1=Q 50. Bxa1 Rxa1 51. Rxc4 Rg1 52. g4 Rh1 53. Ke3 Rxh3 54. Rc6+ Kf7 55. e5 Rh1 56. Ke4 Rf1 57. e6+ Kf6 58. Rc5 Re1+ 59. Kd4 Rxe6 60. Rf5+ Kg6 61. Kd5 Re3 62. Kd4 Re1 63. Re5 Rd1+ 64. Ke4 Re1+ 65. Kd5 Rd1+ 66. Ke6 Rf1 67. Rf5 Re1+ 68. Kd7 Rd1+ 69. Ke7 Re1+ 70. Kf8 Rf1 71. Kg8 Rd1 72. Kf8 Rd3 73. Ke7 Re3+ 74. Kd6 Rd3+ 75. Rd5 Rxf3 76. Re5 Rf4 77. Re6+ Kf7 78. Ke5 Rxg4 79. Rf6+ Kg7 80. Ra6 Rg1 81. Kf5 g4 82. Rb6 g3 83. Kf4 g2 84. Kf3 Rf1+ 85. Kxg2 Rf6 86. Rxf6 Kxf6 1/2-1/2

[Event "4NCL Online Division 5"]
[Site "online"]
[Date "2021.10.19"]
[EventDate "2021.10.19"]
[Round "5.44"]
[White "Johnson, RN Phil"]
[WhiteElo "1611"]
[WhiteTeam "Wells Globetrotters 1"]
[Black "Grobler, David"]
[BlackElo "1664"]
[BlackTeam "Sheffield Uni '70s graduates"]
[Result "1/2-1/2"]
[PlyCount "108"]

1. g4 d5 2. h3 e5 3. Bg2 c6 4. e4 dxe4 5. Nc3 Nf6 6. Qe2 Bc5 7. Nxe4 Nxe4 8. Bxe4 Qe7 9. d3 Be6 10. Be3 Nd7 11. Nf3 Bxe3 12. Qxe3 Nc5 13. Nd2 Nxe4 14. dxe4 O-O 15. O-O Rfd8 16. Nb3 b6 17. Rfd1 c5 18. Qe2 c4 19. Nd2 Qc5 20. c3 Rd3 21. Kg2 Rad8 22. Nf1 h5 23. f3 hxg4 24. hxg4 g6 25. Rxd3 cxd3 26. Qd2 Kg7 27. Ne3 Qe7 28. a3 Qg5 29. Nf1 Qh6 30. Qxh6+ Kxh6 31. Rd1 Kg5 32. Kg3 f5 33. exf5 gxf5 34. gxf5 Bxf5 35. Ne3 Bg6 36. Nc4 Kf6 37. Kf2 Rh8 38. Ke3 Rh3 39. Nd2 Ke6 40. Rf1 Kd5 41. c4+ Kc6 42. b4 a5 43. Rg1 Bh7 44. Rg7 axb4 45. axb4 b5 46. c5 e4 47. Rf7 exf3 48. Rxf3 Rxf3+ 49. Nxf3 Kd5 50. Nd2 Bg6 51. Nf3 Be4 52. Nd2 Bg6 53. Nf3 Be4 54. Nd2 Bg6 1/2-1/2

[Event "4NCL Online Division 5"]
[Site "online"]
[Date "2021.10.19"]
[EventDate "2021.10.19"]
[Round "5.51"]
[White "Sandy, Paul"]
[WhiteElo "1586"]
[WhiteTeam "Wessex Some Stars G"]
[Black "Hameed, Asif"]
[BlackElo "1735"]
[BlackTeam "Oxford 4"]
[Result "0-1"]
[PlyCount "86"]

1. b4 Nc6 2. a3 b5 3. Bb2 Bb7 4. e3 a6 5. Nf3 e6 6. g3 Nf6 7. Bg2 d6 8. O-O h6 9. d3 Be7 10. Nd4 Qd7 11. Nd2 e5 12. N4b3 Rb8 13. Ne4 h5 14. Na5 Nxa5 15. bxa5 h4 16. Qf3 Nxe4 17. dxe4 h3 18. Bh1 Rh6 19. Rad1 Rf6 20. Qe2 Rg6 21. Bxe5 Qe6 22. Bf4 Bxe4 23. Bxe4 Qxe4 24. f3 Qa4 25. Qd3 Qxa5 26. Qd5 Qxa3 27. Qc6+ Kd8 28. Ra1 Qb4 29. Qxa6 Qd2 30. Rf2 Qc3 31. Qa2 Ke8 32. Rd1 Bg5 33. Qd5 Bxf4 34. exf4 b4 35. Re2+ Kf8 36. Rd3 Qa1+ 37. Rd1 Qa7+ 38. Rf2 Re8 39. Qd2 c5 40. Qd5 Rge6 41. Qd2 c4 42. Kf1 c3 43. Qd3 Qe7 0-1

[Event "4NCL Online Division 5"]
[Site "online"]
[Date "2021.10.19"]
[EventDate "2021.10.19"]
[Round "5.52"]
[White "Evans, Christopher J"]
[WhiteElo "1791"]
[WhiteTeam "Oxford 4"]
[Black "Deacon, Matthew"]
[BlackElo "1579"]
[BlackTeam "Wessex Some Stars G"]
[Result "1-0"]
[PlyCount "63"]

1. e4 c5 2. Nf3 g6 3. d4 cxd4 4. Nxd4 Bg7 5. Nc3 d6 6. f4 Nc6 7. Be3 Nf6 8. Be2 O-O 9. Nb3 a6 10. O-O b5 11. Bf3 Bb7 12. Qe1 Nb4 13. Rf2 Qd7 14. Rd1 Ng4 15. Nc5 Qc7 16. Bxg4 dxc5 17. a3 Nc6 18. Nd5 Qb8 19. Bxc5 e6 20. Bxf8 Bxf8 21. Nf6+ Kg7 22. Qc3 e5 23. Rd7 b4 24. Qh3 h6 25. f5 g5 26. Qh5 Nd8 27. Nd5 Bxd5 28. f6+ Kg8 29. Rxd5 Ne6 30. Bxe6 fxe6 31. Qg6+ Kh8 32. Rd7 1-0

[Event "4NCL Online Division 5"]
[Site "online"]
[Date "2021.10.19"]
[EventDate "2021.10.19"]
[Round "5.53"]
[White "Bucchi, Andrea"]
[WhiteElo "1562"]
[WhiteTeam "Wessex Some Stars G"]
[Black "King, Simon E"]
[BlackElo "1674"]
[BlackTeam "Oxford 4"]
[Result "1/2-1/2"]
[PlyCount "90"]

1. e4 e5 2. Bc4 Nf6 3. Nf3 Nc6 4. Ng5 d5 5. exd5 Na5 6. Bb5+ c6 7. dxc6 bxc6 8. Bd3 Bc5 9. Ne4 Nxe4 10. Bxe4 Bxf2+ 11. Kxf2 Qh4+ 12. g3 Qxe4 13. Re1 Qd4+ 14. Kg2 Bg4 15. Re2 Bxe2 16. Qxe2 O-O 17. Nc3 f5 18. d3 f4 19. Qe4 fxg3 20. Qxd4 exd4 21. Ne4 gxh2 22. Kxh2 Nb7 23. Bd2 Nd6 24. Bb4 Nxe4 25. Bxf8 Rxf8 26. dxe4 Rf2+ 27. Kg3 Rxc2 28. Rb1 d3 29. Rd1 d2 30. Kf4 Rxb2 31. Ke5 Rxa2 32. Kd6 Rc2 33. e5 Rb2 34. Kd7 Rb7+ 35. Kxc6 Re7 36. Kd6 Kf8 37. Rxd2 Ke8 38. Rb2 Kf7 39. Rf2+ Ke8 40. e6 Rb7 41. Rc2 Rb6+ 42. Ke5 Rb5+ 43. Kd6 Rb6+ 44. Ke5 Rb5+ 45. Kd6 Rb6+ 1/2-1/2

[Event "4NCL Online Division 5"]
[Site "online"]
[Date "2021.10.19"]
[EventDate "2021.10.19"]
[Round "5.61"]
[White "Brusey, Alan W"]
[WhiteElo "2056"]
[WhiteTeam "Jurassic Coast A"]
[Black "Jones, H Trevor"]
[BlackElo "1768"]
[BlackTeam "Guildford Castles 2"]
[Result "1-0"]
[PlyCount "73"]

1. e4 c6 2. d4 d5 3. e5 Bf5 4. Nf3 e6 5. c3 c5 6. Be2 Nc6 7. O-O h6 8. Be3 cxd4 9. Nxd4 Nxd4 10. Bxd4 Ne7 11. g4 Bh7 12. f4 Nc6 13. f5 exf5 14. gxf5 Qg5+ 15. Kh1 Bxf5 16. Nd2 O-O-O 17. Rxf5 Qg6 18. Rf1 Kb8 19. Bh5 Qh7 20. Bxf7 Be7 21. Qb1 Qxb1 22. Raxb1 Rhf8 23. e6 Nxd4 24. cxd4 Rc8 25. Rbc1 Rxc1 26. Rxc1 Rc8 27. Rxc8+ Kxc8 28. Kg2 Kc7 29. Kf3 Kd6 30. Kg4 Bf6 31. Nf3 Ke7 32. Kf5 Kd6 33. Ne5 a6 34. Ng6 b5 35. e7 Bxe7 36. Nxe7 Kxe7 37. Bxd5 1-0

[Event "4NCL Online Division 5"]
[Site "online"]
[Date "2021.10.19"]
[EventDate "2021.10.19"]
[Round "5.62"]
[White "Armiger, Paul D"]
[WhiteElo "1750"]
[WhiteTeam "Guildford Castles 2"]
[Black "Gosling, Brian G E"]
[BlackElo "1857"]
[BlackTeam "Jurassic Coast A"]
[Result "1/2-1/2"]
[PlyCount "56"]

1. e4 d6 2. d4 Nf6 3. Bd3 e5 4. Nf3 Nbd7 5. O-O Be7 6. Be3 O-O 7. h3 c6 8. Nbd2 Qc7 9. Re1 Re8 10. Nf1 Nf8 11. Ng3 b6 12. dxe5 dxe5 13. Bc4 Be6 14. Qd3 Rad8 15. Qc3 Bxc4 16. Qxc4 Ne6 17. Qc3 Bd6 18. Bg5 Nxg5 19. Nxg5 h6 20. Nf3 a5 21. Nf5 Bb4 22. Qe3 Bxe1 23. Rxe1 Re6 24. N3h4 Nh7 25. Qg3 g5 26. Qg4 h5 27. Qg3 Qd7 28. Nf3 Qc7 1/2-1/2

[Event "4NCL Online Division 5"]
[Site "online"]
[Date "2021.10.19"]
[EventDate "2021.10.19"]
[Round "5.63"]
[White "Timbrell, Matthew"]
[WhiteElo "1634"]
[WhiteTeam "Jurassic Coast A"]
[Black "Tzanidakis, Michail"]
[BlackElo "1734"]
[BlackTeam "Guildford Castles 2"]
[Result "1/2-1/2"]
[PlyCount "96"]

1. c4 Nf6 2. Nc3 g6 3. g3 Bg7 4. Bg2 O-O 5. e3 d6 6. d4 c6 7. Nge2 e5 8. O-O Be6 9. b3 Qc8 10. Bb2 Bh3 11. Rc1 Qf5 12. Qc2 Qh5 13. f3 Bxg2 14. Kxg2 Nbd7 15. dxe5 dxe5 16. e4 Rfd8 17. Rcd1 Nf8 18. Rxd8 Rxd8 19. Rd1 Re8 20. Na4 Ne6 21. Bc3 c5 22. g4 Qh6 23. Bd2 g5 24. Ng3 b6 25. Nc3 Nd4 26. Qc1 Qg6 27. Bxg5 h6 28. Bxf6 Bxf6 29. Nd5 Bg5 30. Qb2 a5 31. a4 Kf8 32. Rh1 Bh4 33. Re1 Re6 34. Ne3 Qf6 35. Rf1 Bg5 36. Nh5 Qd8 37. Nd5 Rg6 38. Ng3 Ke8 39. Nf5 Kd7 40. Rh1 Bh4 41. Rf1 Bg5 42. Kg3 Rd6 43. h4 Rxd5 44. exd5 Bf4+ 45. Kh3 Qf6 46. Qb1 Ne2 47. Rf2 Nd4 48. Rg2 Nxf3 1/2-1/2

[Event "4NCL Online Division 5"]
[Site "online"]
[Date "2021.10.19"]
[EventDate "2021.10.19"]
[Round "5.64"]
[White "Cule, Jurica"]
[WhiteElo "1547"]
[WhiteTeam "Guildford Castles 2"]
[Black "Gouveia Wasques, Danilo"]
[BlackElo "1705"]
[BlackTeam "Jurassic Coast A"]
[Result "0-1"]
[PlyCount "70"]

1. d4 Nf6 2. Bg5 e6 3. Nf3 Be7 4. e3 O-O 5. Bd3 d6 6. O-O Nbd7 7. Nc3 a6 8. Ne4 b6 9. Nxf6+ Nxf6 10. c4 Bb7 11. Bxf6 Bxf6 12. Re1 Rc8 13. Nd2 c5 14. Qg4 cxd4 15. exd4 e5 16. d5 g6 17. Re3 Bg5 18. Rh3 Bxd2 19. Rd1 Bg5 20. Rg3 Bf6 21. Qh3 Rc7 22. Re1 Bc8 23. Qh6 Bg7 24. Qe3 Rb7 25. Qe4 Bf5 26. Qf3 Bxd3 27. Qxd3 f5 28. Qd2 f4 29. Rh3 h5 30. Re4 Bh6 31. Qe2 Qc8 32. g4 fxg3 33. hxg3 Rbf7 34. g4 Bf4 35. gxh5 Qxh3 0-1

[Event "4NCL Online Division 5"]
[Site "online"]
[Date "2021.10.19"]
[EventDate "2021.10.19"]
[Round "5.71"]
[White "Stuart, Graham"]
[WhiteElo "1769"]
[WhiteTeam "Wessex Some Stars E"]
[Black "Murphy, Sean"]
[BlackElo "1990"]
[BlackTeam "Cork"]
[Result "0-1"]
[PlyCount "90"]

1. e4 c6 2. d4 d5 3. Nc3 dxe4 4. Nxe4 Bf5 5. Ng3 Bg6 6. Nf3 e6 7. Bd3 Nf6 8. O-O Be7 9. Re1 O-O 10. Bxg6 hxg6 11. Qe2 c5 12. Be3 cxd4 13. Bxd4 Nc6 14. Rad1 Nxd4 15. Nxd4 Qb6 16. Qb5 Qxb5 17. Nxb5 a6 18. Nd4 Rfc8 19. c3 b5 20. a3 Kf8 21. Nf3 Rd8 22. Ne5 Rxd1 23. Rxd1 Ke8 24. Ne2 Nd5 25. Nd4 Nb6 26. Ndc6 Rc8 27. Nxe7 Kxe7 28. Kf1 g5 29. Nf3 Nc4 30. b3 g4 31. bxc4 gxf3 32. cxb5 axb5 33. gxf3 Rxc3 34. Rb1 Rc5 35. Ke2 g6 36. Rb4 Re5+ 37. Re4 Kd6 38. Kd3 Rd5+ 39. Rd4 Kc5 40. Rxd5+ exd5 41. h4 d4 42. f4 f5 43. f3 Kd5 44. Kc2 Kc4 45. Kd2 d3 0-1

[Event "4NCL Online Division 5"]
[Site "online"]
[Date "2021.10.19"]
[EventDate "2021.10.19"]
[Round "5.72"]
[White "Lawrence, Simon"]
[WhiteElo "1682"]
[WhiteTeam "Cork"]
[Black "Coburn, Joseph A"]
[BlackElo "1758"]
[BlackTeam "Wessex Some Stars E"]
[Result "1-0"]
[PlyCount "53"]

1. d4 d6 2. c4 Nf6 3. Nc3 g6 4. e4 Bg7 5. h3 c6 6. Nf3 O-O 7. Be3 Qc7 8. Be2 e5 9. O-O Nbd7 10. Qc2 a6 11. Rac1 Re8 12. Rfd1 Nh5 13. g4 Nf4 14. Bxf4 exf4 15. Qd2 Nf8 16. Qxf4 Ne6 17. Qd2 Qe7 18. Re1 g5 19. Bf1 Qf6 20. Bg2 Nf4 21. e5 dxe5 22. Nxe5 Qh6 23. Nd3 Rxe1+ 24. Rxe1 Nxh3+ 25. Bxh3 Qxh3 26. Re8+ Bf8 27. Qxg5+ 1-0

[Event "4NCL Online Division 5"]
[Site "online"]
[Date "2021.10.19"]
[EventDate "2021.10.19"]
[Round "5.73"]
[White "Jones, Tim"]
[WhiteElo "1755"]
[WhiteTeam "Wessex Some Stars E"]
[Black "Bradley, Michael"]
[BlackElo "1456"]
[BlackTeam "Cork"]
[Result "0-1"]
[PlyCount "78"]

1. e4 c5 2. Nf3 d6 3. d4 cxd4 4. Nxd4 Nf6 5. Nc3 a6 6. Bc4 e6 7. Bb3 b5 8. a3 Be7 9. O-O O-O 10. Be3 Bb7 11. f3 Nbd7 12. Qd2 Nc5 13. Ba2 Qc7 14. Rac1 Rfd8 15. Qf2 Bc8 16. Rfd1 Rb8 17. b4 Ncd7 18. Nce2 Ne5 19. Ng3 a5 20. Qe2 Nc4 21. Bxc4 bxc4 22. b5 Bd7 23. a4 d5 24. Bg5 e5 25. Bxf6 Bxf6 26. Ndf5 d4 27. h4 Bxf5 28. Nxf5 g6 29. Nh6+ Kg7 30. Ng4 Bxh4 31. Qd2 Qe7 32. Rb1 c3 33. Qe2 Rb6 34. Qd3 Bg3 35. Rb3 Qh4 36. Rxc3 h5 37. Nxe5 Qh2+ 38. Kf1 Qh1+ 39. Ke2 Qxg2# 0-1

[Event "4NCL Online Division 5"]
[Site "online"]
[Date "2021.10.19"]
[EventDate "2021.10.19"]
[Round "5.74"]
[White "O'Connor, David"]
[WhiteElo "1200"]
[WhiteTeam "Cork"]
[Black "Pinto, Phil B"]
[BlackElo "1753"]
[BlackTeam "Wessex Some Stars E"]
[Result "0-1"]
[PlyCount "62"]

1. d4 Nf6 2. c4 e6 3. Nf3 d5 4. g3 Bb4+ 5. Bd2 Qe7 6. Bg2 O-O 7. O-O Ne4 8. Qc2 Nxd2 9. Nbxd2 c6 10. e4 Bxd2 11. Nxd2 dxe4 12. Nxe4 f5 13. Nc3 Nd7 14. Rfe1 Nb6 15. b3 Qf6 16. Rad1 Bd7 17. d5 cxd5 18. cxd5 e5 19. Qe2 e4 20. Rc1 a6 21. a4 Rac8 22. Qd2 Be8 23. Qe3 Bh5 24. Bf1 Bf3 25. Be2 Bxe2 26. Rxe2 Rfd8 27. Rec2 Qd6 28. Rd2 Nd7 29. f3 Qb4 30. Na2 Rxc1+ 31. Nxc1 Ne5 0-1

[Event "4NCL Online Division 5"]
[Site "online"]
[Date "2021.10.19"]
[EventDate "2021.10.19"]
[Round "5.81"]
[White "Mo, Alex"]
[WhiteElo "1423"]
[WhiteTeam "Streatham C"]
[Black "Shapland, David"]
[BlackElo "1928"]
[BlackTeam "Hebden Bridge 2"]
[Result "0-1"]
[PlyCount "64"]

1. d4 Nf6 2. c4 e6 3. Nc3 c5 4. d5 exd5 5. cxd5 d6 6. e4 g6 7. Bg5 Bg7 8. Bb5+ Bd7 9. Nf3 O-O 10. Bxd7 Nbxd7 11. O-O Re8 12. Re1 Rb8 13. Nd2 b5 14. a4 a6 15. axb5 axb5 16. f4 Qb6 17. Kh1 c4 18. b4 Nh5 19. Nf3 Bxc3 20. Rb1 Ra8 21. Re2 Ra4 22. Qc2 Bg7 23. Qd2 Rea8 24. Rbe1 Ra1 25. e5 Rxe1+ 26. Qxe1 dxe5 27. fxe5 h6 28. Bh4 Nf4 29. Re3 Nd3 30. Qc3 Qxe3 31. Bg3 Nf2+ 32. Bxf2 Qxc3 0-1

[Event "4NCL Online Division 5"]
[Site "online"]
[Date "2021.10.19"]
[EventDate "2021.10.19"]
[Round "5.82"]
[White "Wedge, David C"]
[WhiteElo "1877"]
[WhiteTeam "Hebden Bridge 2"]
[Black "Tew, Ben"]
[BlackElo "1400"]
[BlackTeam "Streatham C"]
[Result "1-0"]
[PlyCount "73"]

1. e3 e5 2. c4 Nf6 3. Nc3 d5 4. cxd5 c6 5. dxc6 Nxc6 6. Bb5 Qc7 7. d4 a6 8. Bxc6+ bxc6 9. dxe5 Qxe5 10. Nf3 Qc7 11. h3 Bb4 12. O-O O-O 13. Qc2 Bb7 14. a3 Bc5 15. b4 Ba7 16. Bb2 c5 17. Qe2 Rfe8 18. Rac1 Rad8 19. bxc5 Nh5 20. Rfd1 Nf4 21. Qc4 Nxh3+ 22. gxh3 Bxf3 23. Nd5 Bxd5 24. Rxd5 Bb8 25. Qg4 g6 26. Qd4 f5 27. Qh8+ Kf7 28. Qg7+ Ke6 29. Re5+ Qxe5 30. Bxe5 Bxe5 31. Qxh7 Kf6 32. Qb7 Ra8 33. c6 Reb8 34. Qh7 Rc8 35. c7 Ra7 36. Rc6+ Kg5 37. Rxg6# 1-0

[Event "4NCL Online Division 5"]
[Site "online"]
[Date "2021.10.19"]
[EventDate "2021.10.19"]
[Round "5.83"]
[White "Buckman, Cyrus"]
[WhiteElo "1393"]
[WhiteTeam "Streatham C"]
[Black "Allan, John M"]
[BlackElo "1799"]
[BlackTeam "Hebden Bridge 2"]
[Result "0-1"]
[PlyCount "100"]

1. d4 d5 2. c4 e6 3. Nc3 c5 4. Nf3 Nf6 5. Bf4 Bd6 6. Bxd6 Qxd6 7. e3 Nc6 8. Be2 O-O 9. O-O dxc4 10. Bxc4 cxd4 11. exd4 a6 12. a3 b5 13. Ba2 Bb7 14. d5 exd5 15. Nxd5 Rad8 16. Ne3 Qf4 17. g3 Rxd1 18. gxf4 Rxa1 19. Rxa1 Nh5 20. f5 Nf4 21. Rd1 Rd8 22. Rxd8+ Nxd8 23. Ne5 Kf8 24. Kf1 Ke7 25. h4 h5 26. Bb1 Kd6 27. Nd3 Nxd3 28. Bxd3 Ke5 29. Ke1 Be4 30. Bxe4 Kxe4 31. Ke2 Nc6 32. f3+ Ke5 33. Nf1 Nd4+ 34. Kf2 Nxf5 35. Ng3 Nxg3 36. Kxg3 Kd4 37. Kf4 Kc4 38. Kg5 Kb3 39. Kxh5 Kxb2 40. Kg5 Kxa3 41. f4 b4 42. f5 b3 43. f6 g6 44. Kh6 b2 45. Kg7 b1=Q 46. Kxf7 Qe4 47. Kg7 Qxh4 48. f7 Qf4 49. f8=Q+ Qxf8+ 50. Kxf8 g5 0-1